Managerial Literacy What Today's Managers Must Know to Succeed
Uložené v:
| Hlavný autor: | |
|---|---|
| Ďalší autori: | |
| Médium: | Kniha |
| Jazyk: | English |
| Vydavateľské údaje: |
Homewood
Irwin
1990
|
| Vydanie: | 1. ed. |
| Predmet: | |
| Tagy: |
Žiadne tagy, Buďte prvý, kto otaguje tento záznam!
|
MARC
| LEADER | 00000nam a2200000 4500 | ||
|---|---|---|---|
| 001 | c000369 | ||
| 005 | 20221215114124.4 | ||
| 020 | |a 1-55623-262-4 | ||
| 041 | 0 | |a eng | |
| 044 | |a US | ||
| 245 | 1 | 0 | |a Managerial Literacy |b What Today's Managers Must Know to Succeed |c Gary Shaw, Jack Weber |
| 250 | |a 1. ed. | ||
| 264 | 1 | |a Homewood |b Irwin |c 1990 | |
| 300 | |a 198 s. | ||
| 610 | 2 | 0 | |a manažment |
| 610 | 2 | 0 | |a riadenie podnikové |
| 610 | 2 | 0 | |a pracovníci riadiaci |
| 610 | 2 | 0 | |a podnik |
| 610 | 2 | 0 | |a vedenie |
| 610 | 2 | 0 | |a schopnosti pracovné |
| 610 | 2 | 0 | |a metódy riadenia |
| 610 | 2 | 0 | |a Amerika |
| 610 | 2 | 0 | |a príručky |
| 610 | 2 | 0 | |a rozvoj pracovníkov |
| 100 | 1 | |a Shaw, Gary | |
| 700 | 1 | |a Weber, Jack | |